Source materials for physical education in Florida secondary schools ... (Record no. 21990)

MARC details
000 -LEADER
fixed length control field 01181cam a22002891 4500
001 - CONTROL NUMBER
control field e 45000005
003 - CONTROL NUMBER IDENTIFIER
control field DLC
005 - DATE AND TIME OF LATEST TRANSACTION
control field 20260227111232.0
008 - FIXED-LENGTH DATA ELEMENTS--GENERAL INFORMATION
fixed length control field 830308s1942 flua b s000 0 eng c
010 ## - LIBRARY OF CONGRESS CONTROL NUMBER
LC control number e 45000005
035 ## - SYSTEM CONTROL NUMBER
System control number (OCoLC)9289420
040 ## - CATALOGING SOURCE
Original cataloging agency U.S. Off of educ. Library
Transcribing agency DNIE
Modifying agency DLC
042 ## - AUTHENTICATION CODE
Authentication code premarc
043 ## - GEOGRAPHIC AREA CODE
Geographic area code n-us-fl
050 00 - LIBRARY OF CONGRESS CALL NUMBER
Classification number L136
Item number .B32 no. 5, 1942
082 ## - DEWEY DECIMAL CLASSIFICATION NUMBER
Classification number 379.759 s
110 1# - MAIN ENTRY--CORPORATE NAME
Corporate name or jurisdiction name as entry element Florida.
Subordinate unit State Department of Education.
245 00 - TITLE STATEMENT
Title Source materials for physical education in Florida secondary schools ...
Statement of responsibility, etc. Edited in Florida curriculum laboratory, University of Florida, Gainesville, Florida.
260 ## - PUBLICATION, DISTRIBUTION, ETC.
Place of publication, distribution, etc. Tallahassee, Fla.,
Name of publisher, distributor, etc. State dept. of education
Date of publication, distribution, etc. [1942]
300 ## - PHYSICAL DESCRIPTION
Extent ix, [1], 421 p.
Other physical details incl. diagrs.
Dimensions 23 cm.
490 1# - SERIES STATEMENT
Series statement Its Florida program for improvement of schools. Bulletin
Volume/sequential designation no. 5, 1942
504 ## - BIBLIOGRAPHY, ETC. NOTE
Bibliography, etc. note Includes bibliographies.
650 #0 - SUBJECT ADDED ENTRY--TOPICAL TERM
Topical term or geographic name entry element Physical education and training
Geographic subdivision Florida.
650 #0 - SUBJECT ADDED ENTRY--TOPICAL TERM
Topical term or geographic name entry element Education
General subdivision Curricula
Geographic subdivision Florida.
710 2# - ADDED ENTRY--CORPORATE NAME
Corporate name or jurisdiction name as entry element University of Florida.
Subordinate unit Curriculum Laboratory.
810 1# - SERIES ADDED ENTRY--CORPORATE NAME
Corporate name or jurisdiction name as entry element Florida.
Subordinate unit State Department of Education.
Title of a work Florida program for improvement of schools. Bulletin
Volume/sequential designation no. 5, 1942.

No items available.

Powered by Koha